00571nam a2200205 a 4500001001300000003000900013005001700022008004100039020000900080082001700089100002300106245001900129260003400148300000900182500003500191505006500226650002000291650003100311700002300342nice12345678IN_TiNIC20260116013506.0050524s1990 dela grp 000 0 urd  ac6000a297.303bQAS aQasmi, Ateeq Ahmad aFikr Ki Ghalti aDelhibMaktaba Alhasnatc1990 a352p aincludes index and biblioraphy2 aQuranic view of Christianity in the light of modern research aIslam-Movements aWaheeduddin Khan-Criticism1 aQasmi, Ateeq Ahmad